000 00909nam a2200277Ia 4500
001 dia_1095
003 CHAP
005 20230119131235.0
008 220117s xx 000 0 und d
010 _a171643
040 _cCHAP
082 _a339.47 F64
100 _aFontaine, Ernesto R.
245 _aPrincipios de Economía para la evaluación de proyectos /
_c Ernesto R. Fontaine
260 _aEstados Unidos de América :
_b O. E. A.,
_c
300 _aii, 115 p.
400 _aCURSO DE EVALUACION SOCIAL DE PROYECTOS Y PROGRAMACION DE INVERSIONES
500 _aCuerso de Evaluación social de proyectos y programación de inversiones
503 _aD
650 _aEconomía
_935226
650 _aEvaluación de proyectos
_xEconomía
_9150024
901 _a339.47 F64
902 _aM
905 _a000000 -usm 0000000000SPA00
942 _cLIBRO
_2ddc
999 _c171643
_d171643